|
|
|
|
| LEADER |
00000nam0a2200000 4500 |
| 001 |
300917 |
| 005 |
20231102001341.0 |
| 020 |
|
|
|a RU
|b 83-12092
|
| 035 |
|
|
|a (RuTPU)RU\TPU\book\326070
|
| 090 |
|
|
|a 300917
|
| 100 |
|
|
|a 20150720d1982 k y0rusy5003 ca
|
| 101 |
0 |
|
|a rus
|
| 102 |
|
|
|a RU
|
| 105 |
|
|
|a y z 000zy
|
| 200 |
1 |
|
|a Совершенствование показателей плана
|e сборник научных трудов
|f Научно-исследовательский институт планирования и нормативов (НИИПИН) ; под ред. В. В. Рудевича, К. А. Петросяна
|
| 210 |
|
|
|a Москва
|c Изд-во НИИПИН
|d 1982
|
| 215 |
|
|
|a 185 с.
|
| 606 |
1 |
|
|a Промышленные предприятия
|x Планирование
|x Плановые отделы
|x Технический уровень
|2 stltpush
|3 (RuTPU)RU\TPU\subj\52640
|9 71047
|
| 610 |
1 |
|
|a планы
|
| 610 |
1 |
|
|a плановые показатели
|
| 610 |
1 |
|
|a производственные мощности
|
| 610 |
1 |
|
|a основные фонды
|
| 610 |
1 |
|
|a натуральные измерения
|
| 610 |
1 |
|
|a социальное планирование
|
| 610 |
1 |
|
|a нормативы
|
| 610 |
1 |
|
|a себестоимость
|
| 610 |
1 |
|
|a продукция
|
| 610 |
1 |
|
|a межотраслевой баланс
|
| 675 |
|
|
|a 658.012.2
|z rus
|v 3
|
| 702 |
|
1 |
|a Рудевич
|b В. В.
|4 340
|
| 702 |
|
1 |
|a Петросян
|b К. А.
|4 340
|
| 712 |
0 |
2 |
|a Научно-исследовательский институт планирования и нормативов (НИИПИН)
|c (Москва)
|c (1960-1963, 1966-1991)
|2 stltpush
|3 (RuTPU)RU\TPU\col\9551
|
| 801 |
|
0 |
|a RU
|b RuMRKP
|c 19950704
|g psbo
|
| 801 |
|
1 |
|a RU
|b 63413507
|c 20150720
|
| 801 |
|
2 |
|a RU
|b 63413507
|c 20180614
|g RCR
|
| 942 |
|
|
|c BK
|